Sự cố nền móng công trình /

Chất lượng, tuổi thọ và bảo trì công trình. Phương pháp đánh giá sự suy giảm chất lượng và sự cố nền móng, kỹ thuật khảo sát chất lượng và sự cố công trình, vật liệu trong sửa chữa, sự cố nền móng tiêu biểu, hư hỏng công trình do lún không đều......

Ful tanımlama

Kaydedildi:
Detaylı Bibliyografya
Yazar: Nguyễn Bá Kế.
Materyal Türü: Kitap
Dil:Vietnamese
Baskı/Yayın Bilgisi: Hà Nội : Xây dựng, 2000.
Konular:
Etiketler: Etiketle
Etiket eklenmemiş, İlk siz ekleyin!
Thư viện lưu trữ: Mạng thư viện Đại học Đà Nẵng
LEADER 01163cam a2200337 i 4500
001 000042599
003 473
005 20030922104750.0
008 010217b2000 vm 000 vie
020 |c 55000 
040 |a IRC  |c IRC  |d IRC 
041 0 |a vie 
082 1 4 |a 690.1  |b NG-K 
100 1 |a Nguyễn Bá Kế. 
245 0 0 |a Sự cố nền móng công trình /  |c Nguyễn Bá Kế. 
260 |a Hà Nội :  |b Xây dựng,  |c 2000. 
300 |a 551tr. ;  |c 20,5cm. 
520 3 |a Chất lượng, tuổi thọ và bảo trì công trình. Phương pháp đánh giá sự suy giảm chất lượng và sự cố nền móng, kỹ thuật khảo sát chất lượng và sự cố công trình, vật liệu trong sửa chữa, sự cố nền móng tiêu biểu, hư hỏng công trình do lún không đều... 
630 0 4 |a Xây dựng. 
630 0 4 |a Nền móng. 
650 0 4 |a Nền móng công trình, sự cố. 
OWN |a DUT 
999 |a From the UDN01 
TYP |a Monograph 
TYP |a Printed language 
980 |a Mạng thư viện Đại học Đà Nẵng